<?xml version="1.0" encoding="UTF-8"?>
<record
    xmlns:xsi="http://www.w3.org/2001/XMLSchema-instance"
    xsi:schemaLocation="http://www.loc.gov/MARC21/slim http://www.loc.gov/standards/marcxml/schema/MARC21slim.xsd"
    xmlns="http://www.loc.gov/MARC21/slim">

  <leader>01121nam a2200301 i 4500</leader>
  <datafield tag="999" ind1=" " ind2=" ">
    <subfield code="c">358154</subfield>
    <subfield code="d">358154</subfield>
  </datafield>
  <controlfield tag="001">000000020480</controlfield>
  <controlfield tag="003">IT-MiSPE</controlfield>
  <controlfield tag="005">20200317153029.0</controlfield>
  <controlfield tag="008">041027s1974    xx           u000 u ita c</controlfield>
  <datafield tag="035" ind1=" " ind2=" ">
    <subfield code="a">(IT-RoPUS)20480</subfield>
  </datafield>
  <datafield tag="040" ind1=" " ind2=" ">
    <subfield code="a">IT-MiSPE</subfield>
    <subfield code="b">ita</subfield>
    <subfield code="c">IT-MiSPE</subfield>
  </datafield>
  <datafield tag="041" ind1=" " ind2=" ">
    <subfield code="a">ita</subfield>
    <subfield code="h">fre</subfield>
  </datafield>
  <datafield tag="082" ind1=" " ind2=" ">
    <subfield code="a">227.092-COL je pa (axa 23224)</subfield>
  </datafield>
  <datafield tag="100" ind1="1" ind2=" ">
    <subfield code="9">17511</subfield>
    <subfield code="a">Colson, Jean</subfield>
    <subfield code="e">autore</subfield>
    <subfield code="4">aut</subfield>
    <subfield code="d">1913-</subfield>
  </datafield>
  <datafield tag="240" ind1="1" ind2="0">
    <subfield code="a">Paul ap&#xF4;tre martyr.</subfield>
    <subfield code="l">ita.</subfield>
  </datafield>
  <datafield tag="245" ind1="1" ind2="0">
    <subfield code="a">Paolo apostolo martire /</subfield>
    <subfield code="c">Jean Colson ; traduzione di Giovanni Fattorini.</subfield>
  </datafield>
  <datafield tag="260" ind1=" " ind2=" ">
    <subfield code="a">[Milano] :</subfield>
    <subfield code="b">A. Mondadori,</subfield>
    <subfield code="c">1974.</subfield>
  </datafield>
  <datafield tag="300" ind1=" " ind2=" ">
    <subfield code="a">370 p. ;</subfield>
    <subfield code="c">21 cm</subfield>
  </datafield>
  <datafield tag="504" ind1=" " ind2=" ">
    <subfield code="a">Bibliografia (pp. 347-356)</subfield>
  </datafield>
  <datafield tag="520" ind1=" " ind2=" ">
    <subfield code="a">Paolo di Tarso: una vita eccezionale nel quadro della nascita della Chiesa e nella prima organizzazione del pensiero cristiano come messaggio religioso universale.</subfield>
  </datafield>
  <datafield tag="546" ind1=" " ind2=" ">
    <subfield code="a">Traduzione di Giovanni Fattorini</subfield>
  </datafield>
  <datafield tag="600" ind1=" " ind2=" ">
    <subfield code="a">Paulus Apostolus</subfield>
    <subfield code="9">57642</subfield>
  </datafield>
  <datafield tag="630" ind1=" " ind2=" ">
    <subfield code="a">Biblia</subfield>
    <subfield code="9">57643</subfield>
  </datafield>
  <datafield tag="655" ind1=" " ind2=" ">
    <subfield code="a">Sacra Scrittura. Nuovo Testamento</subfield>
    <subfield code="x">Paolo: biografia</subfield>
    <subfield code="9">57644</subfield>
  </datafield>
  <datafield tag="700" ind1=" " ind2=" ">
    <subfield code="a">Giovanni Fattorini</subfield>
    <subfield code="e">tr.</subfield>
    <subfield code="9">57645</subfield>
  </datafield>
  <datafield tag="942" ind1=" " ind2=" ">
    <subfield code="a">IT-MiSPE</subfield>
    <subfield code="c">BK</subfield>
    <subfield code="2">ddc</subfield>
  </datafield>
  <datafield tag="952" ind1=" " ind2=" ">
    <subfield code="0">0</subfield>
    <subfield code="1">0</subfield>
    <subfield code="2">ddc</subfield>
    <subfield code="4">0</subfield>
    <subfield code="6">227_000000000000000_092COL_JE_PA_AXA_23224</subfield>
    <subfield code="7">1</subfield>
    <subfield code="a">CINISELLO</subfield>
    <subfield code="b">CINISELLO</subfield>
    <subfield code="d">2019-03-21</subfield>
    <subfield code="l">0</subfield>
    <subfield code="o">227.092-COL je pa (axa 23224)</subfield>
    <subfield code="r">2019-03-21 00:00:00</subfield>
    <subfield code="w">2019-03-21</subfield>
    <subfield code="y">BK</subfield>
  </datafield>
</record>
